| 000 | 00321nam a2200109Ia 4500 | ||
|---|---|---|---|
| 008 | 180116s9999 xx 000 0 und d | ||
| 020 | _a9781435469808 | ||
| 100 | _aJunge, Teri | ||
| 245 |
_cTeri Junge _aPractical Pharmacology for the Surgical Technologist / |
||
| 260 |
_aUSA _bCengage Learning _c2017 |
||
| 300 | _a194 pages | ||
| 999 |
_c353238 _d353238 |
||